| 000 | 00951nam a22002177a 4500 | ||
|---|---|---|---|
| 003 | JO-AjAnu | ||
| 005 | 20241019102329.0 | ||
| 008 | 241019b jo ||||| |||| 00| 0 ara d | ||
| 020 | _a9789923406106 | ||
| 040 |
_aJO-AjAnu _bara _cJO-AjAnu _dJO-AjAnu _erda |
||
| 041 |
_aara _hara |
||
| 050 |
_aND1457. _bA7.A4752 2023 |
||
| 100 | 1 |
_aآل سعيد، شاكر حسن _eمؤلف _966297 |
|
| 245 | 0 |
_aالاصول الحضارية والجمالية للخط العربي / _cتأليف شاكر حسن آل سعيد |
|
| 250 | _aطبعة جديدة | ||
| 260 |
_aعمان : _bخطوط وظلال للنشر والتوزيع، _c2023 |
||
| 300 | _a285 صفحة | ||
| 504 | _aيحتوي على مراجع باللغتين العربية والانجليزية | ||
| 650 | 7 | 0 |
_aالفن الاسلامي-الخط العربي-الزخرفة-فلسفة الخطوط-التراث الفني-الحضارة الاسلامية _966299 |
| 942 |
_2lcc _cBK _n0 |
||
| 999 |
_c33748 _d33748 |
||